Play A Bigger Game (Record no. 334064)

MARC details
000 -LEADER
fixed length control field 00480nam a2200169Ia 4500
008 - FIXED-LENGTH DATA ELEMENTS--GENERAL INFORMATION
fixed length control field 230718s9999 xx 000 0 und d
020 ## - INTERNATIONAL STANDARD BOOK NUMBER
International Standard Book Number 9788126544073
041 ## - LANGUAGE CODE
Language code of text/sound track or separate title eng
082 ## - DEWEY DECIMAL CLASSIFICATION NUMBER
Classification number 158.1
Item number MCL
100 ## - MAIN ENTRY--PERSONAL NAME
Personal name Mclean R.
9 (RLIN) 195194
245 ## - TITLE STATEMENT
Title Play A Bigger Game
Remainder of title How To Achieve More Be More Do More Have More
260 ## - PUBLICATION, DISTRIBUTION, ETC. (IMPRINT)
Date of publication, distribution, etc. 2013
Name of publisher, distributor, etc. Wiley
300 ## - PHYSICAL DESCRIPTION
Extent 177
365 ## - TRADE PRICE
Currency code Rs.
Price amount 199.00
700 ## - ADDED ENTRY--PERSONAL NAME
Personal name Mclean R.
9 (RLIN) 195194
906 ## - LOCAL DATA ELEMENT F, LDF (RLIN)
d O:0354525-Nov-2013B:430211-Oct-2013
c GENRL
b 43.78
Holdings
Withdrawn status Lost status Damaged status Not for loan Home library Current library Date acquired Vendor Budget Code Cost, normal purchase price Bill number Total Checkouts Full call number Barcode Date last seen Discount Cost, replacement price Bill Date Koha item type Original Barcode
        Cummins College of Engineering for Women Pune Cummins College of Engineering for Women Pune 19/11/2013 Technical Book Services GENRL 155.22 4302   158.1 CCEP-BK-45271 18/07/2023 43.78 199.00 11/10/2013 Books 045271